000 00416nam a22001337a 4500
008 221206b |||||||| |||| 00| 0 eng d
082 _a917.3 SMO
100 _aSmolan, Rick.
245 _aAmerica 24/7:
_b24 Hours. 7 Days. Extraordinary Images of One American Week.
260 _aNew York:
_bDK publishing;
_c2004.
300 _a128 p:
_bcolour illus:
_c29.3 cm
700 _aCohen, David Elliot.
_eauthor
942 _2ddc
999 _c9208
_d9209